000 00326nam a2200145Ia 4500
100 _aZaks/Rodany/ Lesea/A
942 _cBK
654 _atechniques
245 _aMicrocomputers Interfacing Techniques
260 _bB.P.B.Pub.
_aDelhi
_c1986
082 _a621.3
_bZak/Les
300 _a456
546 _aENGLISH
999 _c22878
_d22878